[Event "Kalamazoo (MI Am/3/10)"]
[Site "?"]
[Date "1997.??.??"]
[Round "?"]
[White "Williams, Ron"]
[Black "Holt, David"]
[Result "1-0"]
[WhiteElo "1915"]
[BlackElo "1650"]
[PlyCount "89"]
[EventDate "1997.??.??"]

{3/(10)} 1. Nf3 Nf6 2. d3 g6 3. e4 d6 4. Nbd2 Bg7 5. g3 O-O 6. Bg2 Nc6 7. c3
Bg4 8. h3 Bd7 9. O-O e5 10. Nh2 Qc8 11. g4 h5 12. f3 d5 13. Qe2 d4 14. c4 Bh6
15. Nb3 Bxc1 16. Raxc1 Kg7 17. Rf2 b6 18. Rcf1 hxg4 19. fxg4 Nh7 20. Qd2 a5 21.
a3 a4 22. Nc1 Be6 23. Ne2 Qd7 24. Ng3 Qe7 25. Nf3 Bd7 26. Kh1 Na5 27. Qe2 Nb3
28. Kg1 Rae8 29. Ne1 Bc6 30. Nf3 Bd7 31. Kh2 c5 32. Rg1 Ng5 33. Nxg5 Qxg5 34.
Qf3 Nd2 35. Qe2 Rh8 36. Qxd2 Qxg4 37. Nf5+ Bxf5 38. exf5 e4 39. Rf4 e3 40. f6+
Kg8 41. Rxg4 exd2 42. Be4 Re6 43. Rf4 Re5 44. Rd1 Reh5 45. Rf3 1-0

[Event "Lansing (MI Op/4/13)"]
[Site "?"]
[Date "1997.??.??"]
[Round "?"]
[White "Williams, Ron"]
[Black "Haluska, James"]
[Result "1/2-1/2"]
[WhiteElo "1920"]
[BlackElo "2080"]
[PlyCount "104"]
[EventDate "1997.??.??"]

{4/(13)} 1. c4 Nf6 2. Nc3 g6 3. g3 Bg7 4. Bg2 d6 5. Nf3 e5 6. e4 Nc6 7. d3 O-O
8. h3 h6 9. O-O Be6 10. Be3 Kh7 11. Rc1 Ne7 12. Nd5 c6 13. Nxf6+ Bxf6 14. Kh2
Bg7 15. d4 exd4 16. Nxd4 Qc7 17. Nxe6 fxe6 18. Qd2 Rad8 19. Rfd1 c5 20. b3 Nc6
21. Rc2 Nd4 22. Bxd4 Bxd4 23. f4 Qg7 24. Qe2 Rg8 25. Qg4 Rde8 26. Rcd2 e5 27.
f5 g5 28. Qe2 Qf6 29. Bf3 Kg7 30. Bh5 Re7 31. Rf1 Kf8 32. Rd3 Rc7 33. Bg6 Rgg7
34. Qh5 Rg8 35. Qxh6+ Rcg7 36. Rdf3 Ke7 37. Qh5 Kd7 38. h4 gxh4 39. Qxh4 Ke7
40. Kg2 Qxh4 41. gxh4 Kf6 42. Kh3 Rh8 43. a4 a5 44. Rg3 Rgg8 45. Rff3 Rh6 46.
Kg4 Rgh8 47. h5 Rf8 48. Rg2 Rfh8 49. Rfg3 Rf8 50. Kf3 Rfh8 51. Ke2 Rf8 52. Kd3
Rfh8 1/2-1/2

[Event "Lansing (MI Op/7/15)"]
[Site "?"]
[Date "1997.??.??"]
[Round "?"]
[White "Williams, Ron"]
[Black "Garrison, Ray"]
[Result "0-1"]
[WhiteElo "1920"]
[BlackElo "1965"]
[PlyCount "36"]
[EventDate "1997.??.??"]

{7/(15)} 1. c4 e5 2. Nc3 Nc6 3. g3 g6 4. Bg2 Bg7 5. e3 d6 6. Nf3 Be6 7. d3 f5
8. e4 Nf6 9. Nd5 fxe4 10. dxe4 Nxe4 11. Qe2 Nc5 12. Bg5 Qd7 13. Nf6+ Bxf6 14.
Bxf6 O-O 15. Bg5 e4 16. Nh4 Nd3+ 17. Kd1 Nd4 18. Qd2 Rxf2 0-1

[Event "Lansing (MI Op/6/12)"]
[Site "?"]
[Date "1997.??.??"]
[Round "?"]
[White "Williams, Ron"]
[Black "Finegold, Ron"]
[Result "0-1"]
[WhiteElo "1920"]
[BlackElo "2170"]
[PlyCount "120"]
[EventDate "1997.??.??"]

{6/(12)} 1. c4 g6 2. Nc3 f5 3. e4 d6 4. d4 Bg7 5. Nf3 Nf6 6. Bd3 fxe4 7. Nxe4
O-O 8. O-O Nc6 9. Nxf6+ exf6 10. Be3 Bg4 11. h3 Bxf3 12. Qxf3 f5 13. g3 Kh8 14.
d5 Ne5 15. Qd1 Qd7 16. Kg2 Rae8 17. Re1 b6 18. Rb1 c6 19. f4 Nxd3 20. Qxd3 Re4
21. b3 c5 22. Bf2 Rfe8 23. Rxe4 fxe4 24. Qd2 h5 25. Be3 Kh7 26. Rf1 Qf5 27. Qe2
Bd4 28. Qf2 Qf6 29. g4 Bxe3 30. Qxe3 Qd4 31. Re1 b5 32. Qxd4 cxd4 33. Kf2 bxc4
34. bxc4 e3+ 35. Kf3 hxg4+ 36. hxg4 Kg7 37. g5 Kf7 38. Re2 Rc8 39. Ke4 Rxc4 40.
Kd3 Ra4 41. Rh2 Kg7 42. Re2 Rb4 43. Rc2 a5 44. a3 Rb3+ 45. Kxd4 Rxa3 46. Re2 a4
47. Ke4 Rb3 48. f5 gxf5+ 49. Kxf5 a3 50. Rc2 Rb2 51. Rc7+ Kf8 52. g6 Rf2+ 53.
Kg5 Rg2+ 54. Kf6 Rf2+ 55. Kg5 a2 56. g7+ Kg8 57. Kg6 Rf6+ 58. Kxf6 a1=Q+ 59.
Kg6 Qg1+ 60. Kh6 Qh1+ 0-1

[Event "Kalamazoo (MI Am/3/5)"]
[Site "?"]
[Date "1997.??.??"]
[Round "?"]
[White "Williams, Ken"]
[Black "Libby, Dan"]
[Result "0-1"]
[WhiteElo "1885"]
[BlackElo "1705"]
[PlyCount "144"]
[EventDate "1997.??.??"]

{3/(5)} 1. c4 c5 2. Nc3 Nc6 3. g3 g6 4. Bg2 Bg7 5. Nf3 e5 6. d3 d6 7. O-O Nge7
8. Nd2 O-O 9. Nd5 Re8 10. Ne3 Be6 11. Ne4 Rb8 12. Nc3 Qd7 13. Re1 Bh3 14. Bh1
f5 15. Ng2 f4 16. Ne4 Nd4 17. f3 d5 18. cxd5 Qxd5 19. Nf2 Bxg2 20. Bxg2 g5 21.
g4 Ng6 22. Ne4 h6 23. Bd2 Rbd8 24. b3 b6 25. Bc3 Nb5 26. Bb2 Nh4 27. Qc2 Nd6
28. Red1 Qf7 29. Nxd6 Rxd6 30. Qc4 Qxc4 31. bxc4 Red8 32. Bc3 Nxg2 33. Kxg2 e4
34. Bxg7 exf3+ 35. Kxf3 Kxg7 36. Rd2 Re8 37. Rf1 Re3+ 38. Kg2 Rde6 39. Rf2 Kf6
40. Kf1 Ke5 41. Kg2 Kd4 42. Rc2 Rf6 43. Rf3 Rfe6 44. Rf2 Re8 45. Kf1 f3 46.
exf3 Rf8 47. Kg2 Rxd3 48. Rfe2 Rdxf3 49. Re7 R3f7 50. Re6 Rf6 51. Rxf6 Rxf6 52.
h3 Kd3 53. Rc1 a5 54. Kg3 Kd2 55. Rb1 Kc2 56. Rb3 Rd6 57. Kg2 Rd2+ 58. Kg1 Rd6
59. Kg2 Kc1 60. Kg1 Rd1+ 61. Kg2 Rd2+ 62. Kg3 Rb2 63. Rf3 Rxa2 64. Rf1+ Kc2 65.
Rf2+ Kb3 66. Rf6 Kxc4 67. Rxb6 Ra3+ 68. Kg2 Rd3 69. Rxh6 a4 70. Ra6 a3 71. Kh2
Rb3 72. Ra8 Kc3 0-1

[Event "Kalamazoo (MI Am/1/9)"]
[Site "?"]
[Date "1997.??.??"]
[Round "?"]
[White "Williams, Ken"]
[Black "Cassidy, M."]
[Result "1-0"]
[WhiteElo "1885"]
[BlackElo "1605"]
[PlyCount "97"]
[EventDate "1997.??.??"]

{1/(9)} 1. d4 b6 2. e4 e6 3. Nf3 Bb7 4. Bd3 h6 5. O-O Nc6 6. c3 Be7 7. Nbd2 Bg5
8. Qe2 a6 9. e5 Nge7 10. Nxg5 hxg5 11. Ne4 Nd5 12. Bxg5 Nce7 13. f4 d6 14. f5
Qd7 15. fxe6 Qxe6 16. exd6 cxd6 17. Rae1 Kd7 18. Ng3 Qxe2 19. Rxe2 f6 20. Bd2
Rag8 21. Rfe1 Re8 22. Be4 g6 23. c4 f5 24. Bxd5 Nxd5 25. cxd5 Rxe2 26. Rxe2
Bxd5 27. b3 Rc8 28. Bg5 Kc6 29. Rc2+ Kb7 30. Rxc8 Kxc8 31. Ne2 Kc7 32. Nf4 Bf7
33. Kf2 Kc6 34. Ke3 b5 35. g3 Kb6 36. Be7 d5 37. Nd3 Be8 38. Ne5 Kb7 39. b4 Kc8
40. Kf4 Kc7 41. Kg5 a5 42. a3 axb4 43. axb4 Kc8 44. h4 Kc7 45. Kf6 f4 46. gxf4
Kb6 47. Ke6 Bc6 48. Nxc6 Kxc6 49. Bc5 1-0

[Event "Lansing (MOR/6/43)"]
[Site "?"]
[Date "1997.??.??"]
[Round "?"]
[White "Williams, Claude"]
[Black "Tong, David"]
[Result "1-0"]
[WhiteElo "1605"]
[BlackElo "1605"]
[PlyCount "79"]
[EventDate "1997.??.??"]

{6/(43)} 1. e4 c5 2. f4 e5 3. Nf3 d6 4. Bb5+ Bd7 5. Bxd7+ Nxd7 6. c4 exf4 7. d3
Qf6 8. Nc3 Nb6 9. O-O Ne7 10. Nb5 Kd7 11. Qe1 Nc6 12. Rb1 Re8 13. Bd2 Qg6 14.
Nh4 Qf6 15. Rxf4 Qe5 16. Rxf7+ Re7 17. Rf5 Qe6 18. Qf2 a6 19. Nc3 g6 20. Rxf8
Rxf8 21. Qxf8 Rf7 22. Qh6 Qf6 23. Nf3 Nd4 24. Rf1 Kc6 25. Ne5+ Qxe5 26. Rxf7
Nc2 27. Qxh7 Qd4+ 28. Kh1 Na8 29. Rf3 Nc7 30. Qxg6 Nb4 31. Qg3 Nxa2 32. Nxa2
Qxb2 33. Qe1 Qxa2 34. h4 b5 35. cxb5+ Nxb5 36. h5 Nd4 37. Rf2 Nc2 38. Bc3 Nxe1
39. Rxa2 Nxd3 40. h6 1-0

[Event "Lansing (MOR/2/33)"]
[Site "?"]
[Date "1997.??.??"]
[Round "?"]
[White "Williams, Claude"]
[Black "Eck, J."]
[Result "0-1"]
[WhiteElo "1605"]
[BlackElo "1605"]
[PlyCount "116"]
[EventDate "1997.??.??"]

{2/(33)} 1. e4 e5 2. Bc4 Nf6 3. d3 h6 4. Nc3 c6 5. f4 d6 6. Nf3 exf4 7. Bxf4 b5
8. Bb3 Be7 9. O-O O-O 10. h3 b4 11. Ne2 a5 12. a4 c5 13. Ng3 Nc6 14. Nf5 Bxf5
15. exf5 Qd7 16. Nh4 Nd4 17. Ng6 Rfe8 18. Nxe7+ Rxe7 19. g4 Nxb3 20. cxb3 Nd5
21. Bd2 Rae8 22. Qf3 Ne3 23. Rf2 Nc2 24. Rc1 Nd4 25. Qd1 Nc6 26. f6 Re6 27.
fxg7 Kxg7 28. Qf1 Nd4 29. Rc4 Nxb3 30. Bxh6+ Rxh6 31. Rcf4 Re7 32. Qg2 Nc1 33.
Qf3 Ree6 34. Re4 Qe7 35. g5 Rhg6 36. h4 Nb3 37. Qf4 Rxe4 38. dxe4 Nd4 39. h5
Re6 40. g6 Ne2+ 41. Rxe2 fxg6 42. h6+ Kh7 43. Rf2 Qe8 44. Qf7+ Qxf7 45. Rxf7+
Kxh6 46. Ra7 Rxe4 47. Rxa5 Re1+ 48. Kf2 Rb1 49. Rb5 Rxb2+ 50. Ke3 Rb3+ 51. Ke4
Kg7 52. Kd5 Rd3+ 53. Kc4 Rd2 54. a5 Kf6 55. a6 Ra2 56. Kb3 Ra3+ 57. Kc4 Ke5 58.
a7 Rc3# 0-1

[Event "Lansing (MOR/4/35)"]
[Site "?"]
[Date "1997.??.??"]
[Round "?"]
[White "Williams, Claude"]
[Black "Carpenter, George"]
[Result "0-1"]
[WhiteElo "1605"]
[BlackElo "1605"]
[PlyCount "60"]
[EventDate "1997.??.??"]

{4/(35)} 1. e4 d6 2. d4 Nf6 3. Nc3 g6 4. f4 Bg7 5. Bc4 O-O 6. h3 c6 7. Nf3 Qc7
8. Be3 b5 9. Bd3 Nbd7 10. Qd2 Bb7 11. g4 e5 12. f5 b4 13. Ne2 c5 14. dxc5 dxc5
15. b3 Nxe4 16. Qc1 Nc3 17. fxg6 Bxf3 18. gxh7+ Kh8 19. Rf1 Nxe2 20. Bxe2 Bxe2
21. Kxe2 e4 22. Bf4 Qc6 23. Rb1 Kxh7 24. Qe1 e3 25. Qh4+ Kg8 26. Rf3 Qb5+ 27.
Kxe3 Rae8+ 28. Kf2 Qe2+ 29. Kg3 Nf6 30. Rbf1 Ne4# 0-1

[Event "Tecumseh (RVO/5/25)"]
[Site "?"]
[Date "1997.??.??"]
[Round "?"]
[White "Williams, Christopher"]
[Black "Prezkop, M."]
[Result "0-1"]
[WhiteElo "1605"]
[BlackElo "1605"]
[PlyCount "76"]
[EventDate "1997.??.??"]

{5/(25)} 1. e4 c6 2. Bc4 d5 3. exd5 cxd5 4. Bb5+ Nc6 5. Nf3 Bd7 6. O-O e5 7. d3
h6 8. h3 Nf6 9. Nc3 d4 10. Na4 a6 11. Bc4 b5 12. Bb3 bxa4 13. Bxa4 Bd6 14. a3
O-O 15. Bd2 Nd5 16. Re1 Nf4 17. Re4 Bf5 18. Re1 Ne7 19. b4 Neg6 20. b5 axb5 21.
Bxb5 Rxa3 22. Rxa3 Bxa3 23. Qa1 Be7 24. Qa2 Nh4 25. Nxh4 Bxh4 26. Ra1 Nxh3+ 27.
Kf1 Nxf2 28. Bc6 Nxd3 29. Qa8 Qxa8 30. Rxa8 Rxa8 31. Bxa8 Nf4 32. c3 Bd3+ 33.
Kg1 Ne2+ 34. Kf1 dxc3 35. Bxc3 Nxc3+ 36. Kg1 e4 37. Kh2 e3 38. Kh3 Bf2 0-1

[Event "Tecumseh (RVO/2/25)"]
[Site "?"]
[Date "1997.??.??"]
[Round "?"]
[White "Williams, Christopher"]
[Black "Draper, M."]
[Result "1/2-1/2"]
[WhiteElo "1605"]
[BlackElo "1605"]
[PlyCount "124"]
[EventDate "1997.??.??"]

{2/(25)} 1. e4 e6 2. Nf3 d5 3. d3 Nf6 4. h3 Be7 5. a3 O-O 6. Bg5 Nbd7 7. Nc3 c6
8. d4 h6 9. Be3 Qb6 10. Na4 Qa5+ 11. Qd2 Qxa4 12. b3 Nxe4 13. bxa4 Nxd2 14.
Bxd2 Nf6 15. Bd3 Ne4 16. Be3 f5 17. O-O a5 18. Ne5 Rf6 19. f3 Ng3 20. Rfe1 Bd6
21. Nxc6 bxc6 22. Rab1 Ba6 23. Red1 Bxd3 24. Rxd3 Ne2+ 25. Kf1 Nf4 26. Rc3 Rb8
27. Rxb8+ Bxb8 28. Rxc6 e5 29. Rxf6 gxf6 30. g3 exd4 31. Bxd4 Nxh3 32. Bxf6 Bc7
33. g4 Kf7 34. Bc3 Kg6 35. gxf5+ Kxf5 36. Bd2 Nf4 37. Kf2 h5 38. Kg1 h4 39. c3
Ke5 40. Kh2 d4 41. cxd4+ Kxd4 42. Be1 Nd3+ 43. Kh3 Nxe1 44. f4 Bd8 45. f5 Ke5
46. f6 Bxf6 47. Kh2 Kf4 48. Kg1 Kf3 49. Kf1 h3 50. Kg1 Kg3 51. Kh1 Nc2 52. Kg1
Nxa3 53. Kf1 Nc4 54. Ke2 h2 55. Kd3 h1=Q 56. Kxc4 Qd1 57. Kb5 Bc3 58. Kc4 Qd4+
59. Kb3 Qb4+ 60. Kc2 Kf3 61. Kc1 Qb2+ 62. Kd1 Ke3 1/2-1/2

[Event "Tecumseh (RVO/3/21)"]
[Site "?"]
[Date "1997.??.??"]
[Round "?"]
[White "Williams, Christopher"]
[Black "Bhagwat, Samuel"]
[Result "0-1"]
[WhiteElo "1605"]
[BlackElo "1605"]
[PlyCount "74"]
[EventDate "1997.??.??"]

{3/(21)} 1. e4 e5 2. Nf3 Nf6 3. Bc4 Nxe4 4. Nxe5 d5 5. Nxf7 Kxf7 6. Bb3 Be7 7.
d3 Nf6 8. O-O Re8 9. Re1 Kg8 10. Bg5 Bf5 11. Qf3 Bg6 12. Nc3 Rf8 13. h3 Nh5 14.
Qg4 Bxg5 15. Bxd5+ Bf7 16. Be4 Nc6 17. Re3 Bxe3 18. fxe3 Ne5 19. Qf5 Bg6 20.
Qxe5 Bxe4 21. Nxe4 Nf6 22. Ng5 Qd6 23. Qf5 g6 24. Qb5 Qg3 25. Qb3+ Kh8 26. Nf7+
Kg7 27. Qe6 Rxf7 28. d4 Re8 29. Qb3 Qxe3+ 30. Qxe3 Rxe3 31. Kf2 Nd5+ 32. Kg1
Re2 33. c4 Ne3 34. d5 Rxg2+ 35. Kh1 Rff2 36. c5 Rh2+ 37. Kg1 Rfg2# 0-1

[Event "Kalamazoo (MI Am/1/27)"]
[Site "?"]
[Date "1997.??.??"]
[Round "?"]
[White "Watson, D."]
[Black "Stark, A."]
[Result "1-0"]
[WhiteElo "1605"]
[BlackElo "1605"]
[PlyCount "67"]
[EventDate "1997.??.??"]

{1/(27)} 1. e4 e5 2. Nf3 Nc6 3. Bb5 Nf6 4. Nc3 Bc5 5. O-O O-O 6. d3 d6 7. Bxc6
bxc6 8. Na4 Bb6 9. Nxb6 cxb6 10. h3 Ba6 11. Bg5 h6 12. Bxf6 Qxf6 13. Nd2 Qe6
14. f4 d5 15. fxe5 dxe4 16. Nxe4 Qxe5 17. b3 Rad8 18. Qg4 g6 19. Rae1 Bc8 20.
Nf6+ Qxf6 21. Rxf6 Bxg4 22. hxg4 Rde8 23. Rxe8 Rxe8 24. Rxc6 Re2 25. Kh2 h5 26.
gxh5 gxh5 27. Kg3 Kg7 28. a4 f6 29. Kf3 Re5 30. Rc7+ Kg6 31. Rxa7 f5 32. Rb7
Kg5 33. Rxb6 f4 34. Rb5 1-0

[Event "Kalamazoo (MI Am/3/19)"]
[Site "?"]
[Date "1997.??.??"]
[Round "?"]
[White "Watson, D."]
[Black "Evans Sr., Thomas"]
[Result "1-0"]
[WhiteElo "1605"]
[BlackElo "1605"]
[PlyCount "79"]
[EventDate "1997.??.??"]

{3/(19)} 1. e4 e6 2. Nf3 d5 3. e5 c5 4. b4 cxb4 5. a3 bxa3 6. Nxa3 a6 7. d4 Nc6
8. Bd3 Qa5+ 9. Bd2 Bb4 10. Nb5 Bxd2+ 11. Nxd2 Qb6 12. Nd6+ Ke7 13. c3 Qb2 14.
Rc1 Nh6 15. O-O a5 16. Rc2 Qb6 17. Qa1 a4 18. Qa3 Kd7 19. Rb1 Qd8 20. Rcb2 g6
21. Rxb7+ Bxb7 22. Rxb7+ Qc7 23. Rxc7+ Kxc7 24. Nb5+ Kb7 25. h3 Rhf8 26. Nd6+
Kc7 27. Bb5 Ra5 28. Qc5 Rxb5 29. Nxb5+ Kb7 30. Qxf8 Nf5 31. Nd6+ Nxd6 32. Qxd6
Kb6 33. Qc5+ Kc7 34. Nb1 Kd7 35. Qd6+ Ke8 36. Qxc6+ Kf8 37. Qxa4 Kg7 38. Nd2 h5
39. h4 Kh6 40. f4 1-0

[Event "Kalamazoo (MI Am/5/5)"]
[Site "?"]
[Date "1997.??.??"]
[Round "?"]
[White "Watson, D."]
[Black "DeRyke, S."]
[Result "1-0"]
[WhiteElo "1605"]
[BlackElo "1800"]
[PlyCount "99"]
[EventDate "1997.??.??"]

{5/(5)} 1. e4 e5 2. Nf3 Nc6 3. Bb5 a6 4. Bxc6 dxc6 5. O-O Bd6 6. d4 Bg4 7. dxe5
Bxf3 8. Qxf3 Bxe5 9. Qb3 Qh4 10. f4 Bd4+ 11. Be3 O-O-O 12. Nd2 Bxe3+ 13. Qxe3
Nf6 14. Nf3 Qh6 15. Qa7 Nd7 16. Ne5 Nb6 17. Nxf7 Qf6 18. Nxd8 Qd4+ 19. Kh1 Rxd8
20. e5 Re8 21. a4 Qe4 22. a5 Nd7 23. Qf2 Re6 24. Rae1 Qf5 25. b4 h5 26. c4 c5
27. bxc5 c6 28. Rd1 g6 29. Rd6 Re8 30. Rfd1 Nxe5 31. Qd4 Nf7 32. Rd7 Qe6 33. h3
h4 34. Qb2 Nd8 35. Qb6 Qxd7 36. Rxd7 Re1+ 37. Kh2 Kxd7 38. Qb2 Re6 39. Qd4+ Kc8
40. Qh8 Re4 41. Qxh4 Rxc4 42. Qg5 Ne6 43. Qxg6 Nd8 44. Qf5+ Kc7 45. g4 Ra4 46.
g5 Rxa5 47. g6 Kb8 48. g7 Ka7 49. g8=Q Nf7 50. Qgxf7 1-0

[Event "Lansing (MI Op/6/4)"]
[Site "?"]
[Date "1997.??.??"]
[Round "?"]
[White "Ward, Tom"]
[Black "Mazuchowski, Tom"]
[Result "1-0"]
[WhiteElo "2235"]
[BlackElo "2075"]
[PlyCount "59"]
[EventDate "1997.??.??"]

{6/(4)} 1. e4 c5 2. Nf3 Nc6 3. d4 cxd4 4. Nxd4 e5 5. Nb5 d6 6. c4 Nf6 7. N1c3
a6 8. Na3 Be6 9. Nc2 Rc8 10. b3 Be7 11. Be2 O-O 12. O-O Qd7 13. Be3 Ne8 14. Nd5
Bxd5 15. cxd5 Nb8 16. Bg4 f5 17. Bxf5 Rxf5 18. exf5 Qxf5 19. Rc1 Nf6 20. Qd2
Ne4 21. Qd3 Rc3 22. Qe2 Qg6 23. Na3 b5 24. f3 Rxe3 25. Rc8+ Bf8 26. Qxe3 Ng5
27. Rxb8 Nh3+ 28. Kh1 Nf4 29. Qd2 Qxg2+ 30. Qxg2 1-0

[Event "Lansing (MI Op/2/13)"]
[Site "?"]
[Date "1997.??.??"]
[Round "?"]
[White "Ward, Tom"]
[Black "Marshall, Larry"]
[Result "1-0"]
[WhiteElo "2235"]
[BlackElo "1855"]
[PlyCount "103"]
[EventDate "1997.??.??"]

{2/(13)} 1. e4 e6 2. d4 d5 3. Nc3 Nf6 4. Bg5 Be7 5. e5 Nfd7 6. h4 c5 7. Bxe7
Qxe7 8. Nb5 O-O 9. Nc7 cxd4 10. Nxa8 Nxe5 11. Qxd4 Nbc6 12. Qd2 Qd6 13. Bd3 Bd7
14. O-O-O Nb4 15. Kb1 Nbxd3 16. cxd3 Rxa8 17. Qf4 Rc8 18. Nf3 Nc4 19. Qxd6 Nxd6
20. Rc1 f6 21. Rxc8+ Nxc8 22. Rc1 Bc6 23. Nd4 Ne7 24. Nxe6 Bb5 25. Rc7 Bxd3+
26. Kc1 Kf7 27. Nxg7 f5 28. Rxb7 a6 29. Nh5 Bf1 30. Nf4 Kf6 31. Rc7 h6 32. Kd2
Ke5 33. g3 Kd6 34. Rc1 Bb5 35. Re1 Bd7 36. Rxe7 Kxe7 37. Nxd5+ Kd6 38. Nc3 Ke5
39. Ke3 Bc6 40. f4+ Kd6 41. Kd4 Bd7 42. a3 Bc6 43. b4 Bh1 44. Na4 Bg2 45. Nc5
Bf1 46. Nd3 Be2 47. Ne5 h5 48. Nc4+ Kc6 49. Ne3 Kb5 50. Nxf5 Ka4 51. Nd6 Kxa3
52. Kc3 1-0

[Event "Lansing (MI Op/4/3)"]
[Site "?"]
[Date "1997.??.??"]
[Round "?"]
[White "Ward, Tom"]
[Black "Arganian, David G"]
[Result "1-0"]
[WhiteElo "2235"]
[BlackElo "2110"]
[PlyCount "83"]
[EventDate "1997.??.??"]

{4/(3)} 1. e4 d5 2. exd5 Qxd5 3. Nc3 Qa5 4. d4 Nf6 5. Nf3 Bf5 6. Bc4 e6 7. Bd2
c6 8. Qe2 Bb4 9. O-O Nbd7 10. a3 Bxc3 11. Bxc3 Qc7 12. b4 O-O 13. Bb3 b5 14.
Ne5 Nxe5 15. dxe5 Nd5 16. Bd4 Rfd8 17. Rfd1 a5 18. c3 h6 19. g3 Qe7 20. f3 Qg5
21. Kh1 h5 22. Qf2 Qe7 23. bxa5 Rxa5 24. Bc5 Qg5 25. h4 Qh6 26. Bb6 Raa8 27.
Bxd8 Rxd8 28. c4 bxc4 29. Bxc4 Rc8 30. Qd2 Qg6 31. Qg5 Qh7 32. a4 Rb8 33. a5
Be4 34. Bxd5 Bxd5 35. Kg2 Qc2+ 36. Qd2 Qf5 37. Rf1 Rb3 38. Qe2 Rc3 39. Rf2 Bc4
40. Qe4 Rxf3 41. Qxf3 Bd5 42. Qxd5 1-0

[Event "Lansing (MOR/4/10)"]
[Site "?"]
[Date "1997.??.??"]
[Round "?"]
[White "Walquist, Elaine"]
[Black "Venia, Mike"]
[Result "1-0"]
[WhiteElo "1745"]
[BlackElo "1605"]
[PlyCount "41"]
[EventDate "1997.??.??"]

{4/(10)} 1. e4 e6 2. d4 d5 3. Nc3 dxe4 4. Nxe4 Nd7 5. Bc4 Ngf6 6. Ng3 Be7 7.
Nf3 O-O 8. Qd3 Re8 9. Bg5 Nf8 10. O-O-O Nd5 11. h4 Bxg5+ 12. hxg5 Nf4 13. Qe4
N4g6 14. Kb1 c5 15. dxc5 Qa5 16. Qe3 Bd7 17. Ne4 b5 18. Bb3 Bc6 19. Nd6 Bxf3
20. Qxf3 Re7 21. Qxa8 1-0

[Event "Tecumseh (RVO/5/4)"]
[Site "?"]
[Date "1997.??.??"]
[Round "?"]
[White "Walquist, Elaine"]
[Black "McGrath, Michael"]
[Result "1/2-1/2"]
[WhiteElo "1745"]
[BlackElo "1700"]
[PlyCount "105"]
[EventDate "1997.??.??"]

{5/(4)} 1. e4 d5 2. Nc3 d4 3. Nce2 e5 4. Ng3 g6 5. Nf3 Bg7 6. Bc4 Ne7 7. d3 O-O
8. Bg5 Qd6 9. O-O a5 10. a3 Be6 11. Bxe6 Qxe6 12. Bd2 b5 13. b4 a4 14. Ng5 Qd6
15. Rc1 Nd7 16. c4 c6 17. c5 Qf6 18. f4 Nc8 19. fxe5 Qxe5 20. Bf4 Qe7 21. Rc2
Bh6 22. Nh3 Bxf4 23. Nxf4 Ne5 24. Rcf2 Qd7 25. h3 Ne7 26. Nfe2 Rad8 27. Rf6 Qc7
28. Qd2 Kg7 29. Nf4 Ng8 30. Rxf7+ Qxf7 31. Nfh5+ gxh5 32. Rxf7+ Kxf7 33. Qf4+
Ke6 34. Qd2 Nf6 35. Nf5 Rg8 36. Qa2+ Kd7 37. Nxd4 Rde8 38. Nf5 Rg5 39. Qf2 Ke6
40. Nd4+ Kf7 41. Qa2+ Kg6 42. Ne6 h6 43. Nxg5 hxg5 44. d4 Nc4 45. e5 Nd5 46.
Qc2+ Kh6 47. Qf5 Re7 48. Qc8 Rc7 49. Qf8+ Kg6 50. g4 hxg4 51. hxg4 Nxa3 52.
Qg8+ Kh6 53. Qh8+ 1/2-1/2

[Event "Tecumseh (RVO/3/4)"]
[Site "?"]
[Date "1997.??.??"]
[Round "?"]
[White "Walquist, Elaine"]
[Black "Hartwig, Thomas"]
[Result "0-1"]
[WhiteElo "1745"]
[BlackElo "1940"]
[PlyCount "58"]
[EventDate "1997.??.??"]

{3/(4)} 1. d4 Nf6 2. e3 d5 3. Bd3 c5 4. c3 Nc6 5. f4 g6 6. Nf3 Bf5 7. Bxf5 gxf5
8. dxc5 e6 9. b4 a5 10. Ba3 Ne4 11. Qc2 axb4 12. Bxb4 Bxc5 13. Bxc5 Nxc5 14.
Nbd2 Ne4 15. Nxe4 fxe4 16. Nd2 Rg8 17. Kf2 Ne7 18. Rhd1 Nf5 19. g3 h5 20. Nxe4
h4 21. Qb3 Qe7 22. Qb5+ Kf8 23. Nc5 hxg3+ 24. hxg3 Rxg3 25. Rh1 Rc8 26. Nd7+
Kg8 27. Rag1 Rxg1 28. Rxg1+ Ng7 29. Qxb7 Rd8 0-1

[Event "Lansing (MOR/2/5)"]
[Site "?"]
[Date "1997.??.??"]
[Round "?"]
[White "Walquist, Elaine"]
[Black "Carpenter, George"]
[Result "1-0"]
[WhiteElo "1745"]
[BlackElo "1605"]
[PlyCount "33"]
[EventDate "1997.??.??"]

{2/(5)} 1. e4 d6 2. d4 Nf6 3. Nc3 g6 4. f4 Bg7 5. Bc4 Nxe4 6. Bxf7+ Kxf7 7.
Nxe4 Re8 8. Nf3 Bg4 9. Nfg5+ Kg8 10. Qxg4 e5 11. dxe5 dxe5 12. O-O Nc6 13. Be3
exf4 14. Qxf4 Nd4 15. Qf7+ Kh8 16. Qc4 Nf5 17. Nf7+ 1-0

[Event "Lansing (MOR/6/3)"]
[Site "?"]
[Date "1997.??.??"]
[Round "?"]
[White "Walquist, Elaine"]
[Black "Benjamin, H."]
[Result "0-1"]
[WhiteElo "1745"]
[BlackElo "1700"]
[PlyCount "88"]
[EventDate "1997.??.??"]

{6/(3)} 1. e4 e5 2. Nf3 Nf6 3. Bc4 Bc5 4. Nxe5 O-O 5. d4 Bb6 6. Bg5 h6 7. Bxf6
Qxf6 8. O-O d6 9. Nf3 Bg4 10. Nc3 c6 11. d5 Re8 12. dxc6 bxc6 13. Be2 Nd7 14.
h3 Bh5 15. Nd2 Bg6 16. Bf3 Re7 17. Nc4 Bc5 18. Qe2 d5 19. Nd2 Rae8 20. Qa6 dxe4
21. Bxe4 Bxe4 22. Ndxe4 Rxe4 23. Nxe4 Rxe4 24. Qc8+ Nf8 25. Qa6 h5 26. Qd3 Re5
27. c3 Ne6 28. Rad1 g6 29. b4 Bb6 30. c4 c5 31. b5 Nd4 32. Rde1 Rg5 33. f4 Rf5
34. Qe4 h4 35. Qe7 Qxe7 36. Rxe7 Ne6 37. Rb7 Nxf4 38. Kh1 g5 39. Re1 Ne6 40.
Rd1 Rf4 41. Rdd7 Nd4 42. a4 Ne2 43. g4 hxg3 44. Rxf7 Rxf7 0-1

[Event "Lansing (MOR/5/40)"]
[Site "?"]
[Date "1997.??.??"]
[Round "?"]
[White "Walls, R."]
[Black "Williams, Claude"]
[Result "1/2-1/2"]
[WhiteElo "1605"]
[BlackElo "1605"]
[PlyCount "144"]
[EventDate "1997.??.??"]

{5/(40)} 1. d4 f5 2. Bf4 Nf6 3. Nf3 d6 4. c4 g6 5. Nc3 Bg7 6. h3 O-O 7. e3 Qe8
8. Bd3 Nbd7 9. Nb5 Qd8 10. Qb3 e5 11. dxe5 dxe5 12. Nxe5 Nc5 13. Qc2 Nxd3+ 14.
Nxd3 Ne8 15. O-O a6 16. Nc3 Be6 17. Rad1 Nd6 18. b3 Qe7 19. Be5 Ne8 20. Bd4
Bxd4 21. exd4 Qh4 22. Rfe1 Ng7 23. d5 Bf7 24. Re7 Qxe7 25. Re1 Qg5 26. Nc5 b6
27. Nd3 Rae8 28. Rd1 Re7 29. Ne1 Rfe8 30. Nf3 Qf6 31. a4 Nh5 32. b4 Nf4 33. Rd2
g5 34. Kh2 h5 35. g3 Nxh3 36. Nd4 g4 37. Nxf5 Re5 38. Nh4 Ng5 39. Rd4 Nf3+ 40.
Nxf3 gxf3 41. Rf4 Qh6 42. Qd1 Re1 43. Qxf3 Bg6 44. d6 cxd6 45. Qd5+ R8e6 46.
Rf6 h4 47. Rxe6 Rxe6 48. Qxe6+ Kg7 49. Qe7+ Bf7 50. Qxh4 Qd2 51. Ne4 Qd4 52.
Qg5+ Kf8 53. Qf4 Ke7 54. Nd2 Qxf4 55. gxf4 Ke6 56. Kg3 Kf5 57. Kf3 Bh5+ 58. Ke3
Bd1 59. a5 bxa5 60. bxa5 Ba4 61. f3 Bc6 62. Nb3 Kf6 63. Nd4 Bd7 64. Ke4 Bc8 65.
Kd5 Ke7 66. f5 Bb7+ 67. Nc6+ Kd7 68. f6 Bxc6+ 69. Kd4 Bxf3 70. f7 Ke7 71. c5
dxc5+ 72. Kxc5 Kxf7 1/2-1/2

[Event "Lansing (MOR/1b/26)"]
[Site "?"]
[Date "1997.??.??"]
[Round "?"]
[White "Walls, R."]
[Black "Faguer, D."]
[Result "1-0"]
[WhiteElo "1605"]
[BlackElo "1605"]
[PlyCount "47"]
[EventDate "1997.??.??"]

1. d4 d5 2. Nf3 Nc6 3. c4 Nf6 4. Bf4 Bf5 5. Nc3 e6 6. a3 Be7 7. e3 O-O 8. Be2
dxc4 9. Bxc4 a6 10. O-O b5 11. Be2 Bd6 12. Bg5 Rb8 13. e4 Bg4 14. e5 Be7 15.
exf6 Bxf6 16. Be3 Bg5 17. Ne4 Bxe3 18. fxe3 Bf5 19. Nc5 Qf6 20. e4 Bg4 21. Ne5
Qg5 22. Nxc6 Rbc8 23. Bxg4 Qe3+ 24. Kh1 1-0

[Event "Lansing (MI Op/5/15)"]
[Site "?"]
[Date "1997.??.??"]
[Round "?"]
[White "Walker, Douglas"]
[Black "Triplett, Thomas"]
[Result "1/2-1/2"]
[WhiteElo "1980"]
[BlackElo "1860"]
[PlyCount "119"]
[EventDate "1997.??.??"]

{5/(15)} 1. d4 Nf6 2. c4 g6 3. Nc3 Bg7 4. e4 d6 5. Be2 O-O 6. Nf3 e5 7. O-O Nc6
8. d5 Ne7 9. Ne1 Ne8 10. Be3 f5 11. f3 f4 12. Bf2 g5 13. Rc1 h5 14. c5 Bh6 15.
cxd6 cxd6 16. Nd3 g4 17. Qb3 Kh8 18. Rc2 Rg8 19. Bh4 Bg5 20. Bxg5 Rxg5 21. Rfc1
Ng6 22. Nb5 Nh4 23. Ne1 Rg7 24. Kh1 a6 25. Qa3 Rb8 26. Nc3 gxf3 27. Bxf3 Bg4
28. Nd1 Qg5 29. Qd3 Nf6 30. Qf1 Rbg8 31. Nc3 Bh3 32. Nd1 Nxf3 33. Qxf3 Bg4 34.
Qd3 Bxd1 35. Rxd1 Ng4 36. Nf3 Qf6 37. Re1 Qd8 38. h4 Qb6 39. Ree2 Ne3 40. Ng5
Nxc2 41. Rxc2 Qe3 42. Qd1 Rxg5 43. hxg5 Qxe4 44. Rc7 Qg6 45. Qc1 Qxg5 46. Qc2
Qg6 47. Qxg6 Rxg6 48. Rxb7 h4 49. Kh2 Kg8 50. b4 Kf8 51. Rb6 e4 52. Rxa6 e3 53.
Rc6 Ke7 54. Rc4 Rf6 55. Re4+ Kd7 56. Kh3 Rf5 57. Kg4 Rxd5 58. Kxf4 Rd2 59. Kxe3
Rxg2 60. Rxh4 1/2-1/2